Fińskie podregiony na mapie - Statystyki

Ogólne statystyki
  • Ten quiz został rozwiązany 18 razy
  • Średni wynik to 4 z 69
Odpowiedzi na mapie
Odpowiedzi zakodowano w zielono-czerwonej skali na mapie do tego quizu, zgodnie z poniższymi procentami.
 
Statystyki odpowiedzi
% Poprawnych
Ostrobotnia Północna Oulu
64%
Finlandia Właściwa Turku
64%
Laponia Rovaniemi
36%
Pirkanmaa Tampere
36%
Kymenlaakso Kotka–Hamina
27%
Päijät-Häme Lahti
27%
Laponia Kemi–Tornio
18%
Kymenlaakso Kouvola
18%
Laponia Laponia Północna
18%
Wyspy Alandzkie Mariehamns stad
18%
Karelia Południowa Imatra
9%
Finlandia Środkowa Jyväskylä
9%
Sawonia Północna Kuopio
9%
Laponia Laponia Tunturi
9%
Laponia Laponia Wschodnia
9%
Karelia Południowa Lappeenranta
9%
Satakunta Pori
9%
Uusimaa Porvoo
9%
Satakunta Rauma
9%
Finlandia Właściwa Salo
9%
Ostrobotnia Vaasa
9%
Finlandia Środkowa Äänekoski
0%
Wyspy Alandzkie Ålands landsbygd
0%
Wyspy Alandzkie Ålands skärgård
0%
Laponia Dolina Torne
0%
Kanta-Häme Forssa
0%
Pirkanmaa Górna Pirkanmaa
0%
Sawonia Północna Górna Sawonia
0%
Ostrobotnia Północna Haapavesi-Siikalatva
0%
Kanta-Häme Hämeenlinna
0%
Uusimaa Helsinki Wielkie
0%
Finlandia Środkowa Jämsä
0%
Ostrobotnia Południowa Järviseutu
0%
Karelia Północna Joensuu
0%
Finlandia Środkowa Joutsa
0%
Kainuu Kajaani
0%
Karelia Północna Karelia Środkowa
0%
Ostrobotnia Środkowa Kaustinen
0%
Kainuu Kehys-Kainuu
0%
Finlandia Środkowa Keuruu
0%
Ostrobotnia Północna Koillismaa
0%
Ostrobotnia Środkowa Kokkola
0%
Ostrobotnia Południowa Kuusiokunnat
0%
Finlandia Właściwa Loimaa
0%
Uusimaa Loviisa
0%
Sawonia Południowa Mikkeli
0%
Ostrobotnia Północna Nivala–Haapajärvi
0%
Ostrobotnia Ostrobotnia Południowa Przybrzeżna
0%
Ostrobotnia Północna Oulunkaari
0%
Sawonia Południowa Pieksämäki
0%
Karelia Północna Pielisen Karjala
0%
Ostrobotnia Pietarsaari
0%
Pirkanmaa Pirkanmaa Północno-Wschodnia
0%
Pirkanmaa Pirkanmaa Północno-Zachodnia
0%
Pirkanmaa Pirkanmaa Południowa
0%
Ostrobotnia Północna Raahe
0%
Uusimaa Raasepori
0%
Kanta-Häme Riihimäki
0%
Finlandia Środkowa Saarijärvi–Viitasaari
0%
Satakunta Satakunta Północna
0%
Sawonia Południowa Savonlinna
0%
Sawonia Północna Sawonia Północno-Wschodnia
0%
Sawonia Północna Sawonia Wewnętrzna
0%
Ostrobotnia Południowa Seinäjoki
0%
Ostrobotnia Południowa Suupohja
0%
Finlandia Właściwa Turunmaa
0%
Finlandia Właściwa Vakka-Suomi
0%
Sawonia Północna Varkaus
0%
Ostrobotnia Północna Ylivieska
0%
Nie znaleziono quizów pasujących do podanych kryteriów
Rozkład punktacji
Procent ludzi z każdym wynikiem
Percentyl według liczby udzielonych odpowiedzi
Twoja historia wyników
Nie rozwiązałeś tego quizu